000 01338nam a22002057a 4500
005 20251108175900.0
008 250721s2021 xx 000 0 ara d
082 1 4 _a658.4/طرا
100 1 _aالطراونة، عمر طلعت
_eمؤلف
245 1 0 _aمجموعة المحترف :
_bالمحترف في ادارة اصحاب المصلحة/المحترف في مؤشرات قياس الاداء وبطاقة الاداء المتوازن/المحترف في فن التعامل مع الشخصيات الصعبة /المحترف في المهارات الحياتية/المحترف في مهارات ادارة الوقت وضغوط العمل/المحترف في تدريب المدربين/المحترف في تنمية المهارات القيادية والاشرافية /المحترف في التخطيط الاستراتيجي الفعال/المحترف في ادارة الخصوصية والامان في العمل/المحترف في استدامة استراتيجية الاعمال /
264 1 _aعمان :
_bالمؤلف،
_c2021.
650 1 7 _aالادارة
650 1 7 _aالتخطيط
650 1 7 _aعلاقات العمل
650 1 7 _aالادارة الاستراتيجية
650 1 7 _aالتخطيط الاستراتيجي
650 1 7 _aالتدريب
942 _2ddc
_cBK
999 _c144688
_d144688